| 000 | 00564nam a2200217 a 4500 | ||
|---|---|---|---|
| 005 | 20210219153007.0 | ||
| 008 | 991125n 000 0 u | ||
| 035 | _aUPN01000071785 | ||
| 100 | _aGARCIA RUIZ, Ramon, 1908- | ||
| 222 | _aCOMUNICACION EDUCATIVA | ||
| 245 | _aDesarrollo de la educación media | ||
| 300 | _a8 | ||
| 362 | _a1981 Año 2, no. <4=04> feb. | ||
| 653 | 0 | _aEDUCACION | |
| 653 | 0 | _aEDUCACION MEDIA SUPERIOR | |
| 653 | 0 | _aEDUCACION TÉCNICA | |
| 653 | 0 | _aHISTORIA | |
| 653 | 0 | _aMEXICO | |
| 904 |
_aAC _b009596 |
||
| 905 | _aArticulo | ||
| 999 |
_c65716 _d65716 |
||